15 Most Famous Cities in Papua New Guinea on a Map - Statistics

General Stats
  • This quiz has been taken 57 times
  • The average score is 5 of 15
Answers on the Map
Answers color-coded by a green-red scale on the quiz's map according to % correct below.
 
Answer Stats
Wiki Monthly Views Cityquiz Mention Rate Population Answers % Correct
39.06K 30.58% 364.12K Port Moresby
98%
6.37K 3.90% 148.93K Lae
63%
1.69K 0.40% 5.42K Buka
40%
2.48K 0.51% 29.77K Mount Hagen
35%
1.57K 0.38% 2.77K Arawa
33%
18.59K 0.99% 4.79K Rabaul
33%
1.92K 0.54% 37.83K Wewak
33%
2.52K 0.89% 35.97K Madang
30%
1.45K 0.20% 9.94K Kavieng
28%
1.85K 0.34% 22.83K Goroka
26%
2.61K 0.17% 6.68K Kokopo
26%
2.08K 0.27% 15.14K Daru
23%
1.69K 0.33% 22.92K Kimbe
21%
1.22K - 0.75K Buin
14%
1.40K 0.01% 2.90K Finschhafen
14%
No matching quizzes found
Score Distribution
Percent of People with Each Score
Percentile by Number Answered
Your Score History
You have not taken this quiz